Fringe Surnames Quiz Stats

 Plays Quiz Updated Mar 30, 2020

     
Support Sporcle.
Go Orange.
Score 0/14 Timer 04:00
0 Plays Today
First Name Last Name % Correct
Peter/WalterBishop
92%
OliviaDunham
90.3%
PhillipBroyles
76.1%
Dr. WilliamBell
74.5%
NinaSharp
72.2%
David RobertJones
67.7%
AstridFarnsworth
59.6%
First Name Last Name % Correct
CharlieFrancis
43.9%
JohnScott
39%
SamWeiss
37.8%
MitchellLoeb
24.2%
NickLane
23.3%
SanfordHarris
18.5%
AmyJessup
12.5%

From the Vault

Movies in Movies

by hockeystix3

Movies 8m
All the world's a screen.
Remove Ads.
Support Sporcle.
Get the best of Sporcle when you Go Orange. This ad-free experience offers more features, more stats, and more fun while also helping to support Sporcle. Thank you for becoming a member.

Show Comments

Extras

Top Quizzes Today


Score Distribution

Your Account Isn't Verified!

In order to create a playlist on Sporcle, you need to verify the email address you used during registration. Go to your Sporcle Settings to finish the process.

Report this User

Report this user for behavior that violates our Community Guidelines.

Details: